000 00478nam a2200169Ia 4500
003 GCL
008 140319s9999 xx 000 0 eng d
040 _aGCL /
_cGCL
082 0 4 _a745.501
_bN W
100 1 _aNEEDLEMAN, CARLA
245 1 0 _aTHE WORK OF CRAFT: AN INQUIRY INTO THE NATURE OF CRAFTS AND CRAFTSMANSHIP /
_cNEEDLEMAN, CARLA
260 _a[S.N] :
_bKODANSHA INTERNATIONAL ،
_c1993
300 _a142 PP
650 0 4 _aHANDCRAFT
650 0 4 _aARTS
942 _2ddc
_cBK
999 _c19158
_d19158